000 00739cab a2200253 4500
001 WB3348-28
008 090401t1997 xxu||||| |||| 00| 0 eng d
035 _a(Sirsi) u82549
041 _aeng
245 _aHouse prices slowing
260 _c1997
350 _a0
490 _aTimes
_v6 December 1997, 2.8(2)
520 _aPredictions for house prices during 1998. Covers luxury homes, new homes, country houses and the housing market generally. Table.
650 _aCOUNTRY HOUSES
650 _aFORECASTS
650 _aHOUSE PRICES
650 _aHOUSE SALES
650 _aLUXURY HOMES
650 _aNEW HOUSES
690 _aPROPERTY-RESIDENTIAL PROPERTY-RESIDENTIAL PROPERTY MARKET
942 _n0
948 _c09/12/1997
999 _c52123
_d52123